Statystyki dla 15 najbardziej dotkniętych krajów Covid-19 - 7 czerwca

Kliknij tutaj aby rozwiązać quiz!

Ogólne statystyki

  • Ten quiz został rozwiązany 21 razy
  • Średni wynik to 11 z 26

Statystyki odpowiedzi

kraj% Poprawnych
Stany Zjednoczone
90%
Rosja
85%
Włochy
85%
Brazylia
80%
Niemcy
80%
Hiszpania
75%
Meksyk
70%
Wielka Brytania
70%
Indie
65%
Turcja
65%
Francja
60%
Belgia
40%
Peru
35%
Chile
30%
Chile
30%
Iran
30%
Irlandia
25%
Szwecja
25%
Białoruś
20%
Arabia Saudyjska
15%
Singapur
15%
Katar
10%
Kuwejt
10%
Armenia
5%
Bahrajn
5%
Zjednoczone
Emiraty Arabskie
5%

Rozkład punktacji

Percentyl według liczby udzielonych odpowiedzi

Procent ludzi z każdym wynikiem

Twoja historia wyników

Nie rozwiązałeś tego quizu